[Event "AUT-chT2O 1718"]
[Site "Austria"]
[Date "2017.11.18"]
[Round "3.4"]
[White "Gutsch, Franz"]
[Black "Steindl, Johannes"]
[Result "0-1"]
[WhiteElo "2052"]
[BlackElo "2232"]
[PlyCount "70"]
[EventDate "2017.10.21"]
[EventType "team-tourn"]
[EventRounds "11"]
[EventCountry "AUT"]
[SourceTitle "CBM 181 Extra"]
[Source "ChessBase"]
[SourceDate "2017.12.12"]
[SourceVersion "1"]
[SourceVersionDate "2017.12.12"]
[SourceQuality "1"]
[WhiteTeam "Nickelsdorf Blackburne"]
[BlackTeam "Ottakring II"]
[WhiteTeamCountry "AUT"]
[BlackTeamCountry "AUT"]

1. d4 Nf6 2. Nf3 g6 3. Bf4 Bg7 4. Nc3 d5 5. Qd2 c5 6. e3 Nc6 7. Ne5 0-0 8. Be2 Nd7 9. Nxd7 Bxd7 10. dxc5 d4 11. exd4 Nxd4 12. 0-0 Qa5 13. Be3 Rfd8 14. Bd3 Bf5 15. Bxd4 Rxd4 16. Qe3 Bxd3 17. cxd3 Qxc5 18. Rac1 Qe5 19. Qf3 Rb8 20. Rfe1 Qg5 21. Ne4 Qd5 22. Qg3 Rd8 23. Nc3 Qd7 24. Qe3 e6 25. Ne2 Rxd3 26. Qxa7 Bxb2 27. Rb1 Rd1 28. g3 Rxe1+ 29. Rxe1 Qd2 30. Kf1 Qd5 31. Qb6 Qh1+ 32. Ng1 Bf6 33. Rb1 Rd2 34. Qxb7 Rd1+ 35. Ke2 Qxb7 0-1

[Event "Vienna Tschaturanga op"]
[Site "Vienna"]
[Date "2012.05.11"]
[Round "5"]
[White "Gutsch, Franz"]
[Black "Roehrbacher, Franz"]
[Result "1-0"]
[WhiteElo "2033"]
[BlackElo "1744"]
[PlyCount "33"]
[EventDate "2012.05.07"]
[EventType "swiss"]
[EventRounds "7"]
[EventCountry "AUT"]
[SourceTitle "CBM 148 Extra"]
[Source "ChessBase"]
[SourceDate "2012.06.22"]
[SourceVersion "1"]
[SourceVersionDate "2012.06.22"]
[SourceQuality "1"]

1. d4 Nf6 2. Nf3 e6 3. Bf4 Be7 4. e3 d6 5. Bd3 Bd7 6. c4 c5 7. Nc3 cxd4 8. exd4 Qb6 9. Qc2 Qc6 10. 0-0 b6 11. d5 exd5 12. cxd5 Qc5 13. Rfe1 a6 14. Qe2 0-0 15. Qxe7 Nxd5 16. Nxd5 Qxd5 17. Be4 1-0

[Event "Vienna Tschaturanga op-A"]
[Site "Vienna"]
[Date "2012.02.06"]
[Round "2.6"]
[White "Gratze, Michael"]
[Black "Gutsch, Franz"]
[Result "0-1"]
[WhiteElo "2035"]
[BlackElo "1934"]
[PlyCount "81"]
[EventDate "2012.01.30"]
[EventType "swiss"]
[EventRounds "7"]
[EventCountry "AUT"]
[SourceTitle "EXT 2024"]
[Source "ChessBase"]
[SourceDate "2023.10.10"]
[SourceVersion "1"]
[SourceVersionDate "2023.10.10"]
[SourceQuality "1"]

1. e4 e6 2. Nf3 d5 3. Nc3 dxe4 4. Nxe4 Nd7 5. d4 Ngf6 6. Nxf6+ Nxf6 7. Bd3 c5 8. Bg5 Be7 9. dxc5 Qa5+ 10. c3 Qxc5 11. Qe2 Nd7 12. h4 h6 13. Be3 Qa5 14. Nd4 a6 15. Nb3 Qc7 16. 0-0-0 b5 17. Be4 Bb7 18. Qf3 Ne5 19. Qf4 g5 20. hxg5 Bxg5 21. Qxg5 hxg5 22. Rxh8+ Ke7 23. Bxg5+ f6 24. Rh7+ Nf7 25. Bg6 Rf8 26. Bh6 Ke8 27. g3 Qe5 28. Bxf7+ Rxf7 29. Rh8+ Ke7 30. Bf4 Qe2 31. Bd6+ Kd7 32. Nc5+ Kc6 33. Re8 e5 34. Ne6 Kd7 35. Bc5+ Qxd1+ 36. Kxd1 Kxe8 37. Be3 Bf3+ 38. Kc1 Rd7 39. Nc5 Rd6 40. b3 a5 41. Nb7 0-1